1486 1350 1778 1815 1464 1536 1160 1556 1968 1390 1473 1087 1813 1979 1972 1566 1229 1743 1200 1147 1613 1418 1264 1031 1180 1311 1426 1252 1051 1881 1160 1482 1361 1397 1782 1226 1227 1168 1619 1724 1622 1452 1433 1287 1936 1507 1614 1485 1213 1537 1426 1390 1407 1145 1759 1825 1904 1428 1981 1821 1882 1011 1316 1470 1379 1525 1770 1458 1474 1202 1472 1613 1303 1713 1756 1200 1861 1132 1709 1707 1610 1893 1146 1556 1956 1854 1785 1804 1508 1372 1049 1901 1784 1086 1636 1581 1024 1625 1825 BCNSPRNW ULIB Ver.6.0+V

เปลี่ยนเป็นภาษาไทย

Change to English
 แสดงรายละเอียดบรรณานุกรม
  กลับหน้าหลัก

Brief Record : Get Marc (ISO 2709) : E-mail record : QR code < ปิดหน้าต่าง
LEADER : 00000nam 2200000uu 4500
001    13399113499
003     ULIB
008    111122s2548||||th 000 0 tha d
020    ^a9746453637 (ล.2)
060 04 ^aW700^bส719ก ล.2 2548
110 1  ^aมหาวิทยาลัยสุโขทัยธรรมาธิราช^bสาขาวิชาวิทยาศาสตร์สุขภาพ
245 00 ^aเอกสารการสอนชุดวิชา กฎหมายที่เกี่ยวกับสาธารณสุขสิ่งแวดล้อม หน่วยที่ 9-15 =^bLaws related to public health,environmental health and forensic medicine/^cสาขาวิชาวิทยาศาสตร์สุขภาพ มหาวิทยาลัยสุโขทัยธรรมาธิราช
246 30 ^aกฎหมายที่เกี่ยวกับสาธารณสุขสิ่งแวดล้อม
246 31 ^aLaws related to public health,environmental health and forensic medicine
250    ^aพิมพ์ครั้งที่ 3
260    ^aนนทบุรี :^bสำนักพิมพ์มหาวิทยาลัยสุโขทัยธรรมาธิราช,^c2548
300    ^a2 เล่ม :^bภาพประกอบ
650  7 ^aกฎหมายเกี่ยวกับสาธารณสุข
650  7 ^aนิติเวชศาสตร์
710 2  ^aมหาวิทยาลัยสุโขทัยธรรมาธิราช.^bสาขาวิชาวิทยาศาสตร์สุขภาพ
945    ^p0^l0^i24411
995    ^aกัณชพร
999    ^aใช้งานได้ทุกระบบ
รายการนี้ยังไม่มีแท็ก
คุณยังไม่ได้ล็อกอิน คุณสามารถมีกิจกรรมร่วมกับเว็บไซต์ได้ แต่ต้องล็อกอินก่อน ::
  ล็อกอิน

รายการสื่อสารสนเทศ

ลำดับที่ ประเภท เลขเรียก/บาร์โค้ด สถานที่ สถานะ
- ไม่พบข้อมูล -

รายการใกล้เคียง
    หัวเรื่อง [กฎหมายเกี่ยวกับสาธารณสุข]
    หัวเรื่อง [นิติเวชศาสตร์]

BibComment


ยังไม่เคยถูกคอมเมนท์

คอมเมนท์ทรัพยากรรายการนี้
  คอมเมนท์: เอกสารการสอนชุดว..


 Copyright 2026. Bcnsprnw @Library